00338nam a22000977a 4500008004100000050002200041245009100063260003300154300001900187650003400206090306t xxu||||| |||| 00| 0 eng d aBV1488b.L54 1997 aLifelong learning:ba guide to adult education in the churchcedited by Rebecca Grothe aMinneapolisbAugsburghc1997 a237 p.;c23cm. bChristian education of adults